000 00365nam a2200133Ia 4500
005 20251222141914.0
008 251222s9999||||xx |||||||||||||| ||spa||
020 _a9972-51-066-2
082 _a370.193.42/H85
100 _aHuber, Ludwing
245 0 _aConsumo, Cultura e Identidad en El Mundo Globalizado:
264 _bInstituto de Estudios Peruanos
942 _cLIB
999 _c8481
_d8481